Anábasis y otros poemas

Guardat en:
Dades bibliogràfiques
Autor principal: Perse, Saint-John (Autor)
Format: Llibre
Idioma:espanyol
Publicat: Buenos Aires Orbis 1983
Edició:1a. ed
Col·lecció:Los Premios Nobel, 12
Matèries:
Etiquetes: Afegir etiqueta
Sense etiquetes, Sigues el primer a etiquetar aquest registre!

MARC

LEADER 00000cam a2200000 a 4500
001 UCE4261
003 CL-VaPUC
008 141016e19830630ag |||||||||||||||||spa|d
020 |a 8449964164 
082 0 4 |a 841  |b PER  |2 21 
100 0 |a Perse, Saint-John  |e author  |9 576829 
245 1 0 |a Anábasis y otros poemas 
250 |a 1a. ed 
300 |a 155 p 
942 |c BK 
945 |d 20141016 12:02:00  |a arojas 
260 |a Buenos Aires  |b Orbis  |c 1983 
650 0 |a Poesías francesas  |9 265467 
650 0 |a Literatura francesa  |9 266330 
583 |a last modification  |c 20141016 12:02:00  |k Rodrigo Vera 
490 0 |a Los Premios Nobel, 12 
999 |c 357285  |d 357283 
952 |0 0  |1 0  |3 erd  |4 0  |6 841_000000000000000_PER_1983  |7 0  |8 A  |9 465163  |a BIBEDU  |b BIBEDU  |i 5042054  |l 1  |o 841 PER 1983  |p 5042054  |r 2022-06-16  |s 2022-06-16  |w 2019-11-23  |y BK  |z Catalogado en:20141016  |k LIT